Chicken soup for the cat & dog lover's soul : celebrating pets as family with stories about cats,dogs and other critters

Bibliographic Details
Main Author: Canfield Jack
Format: Book
Published: New Delhi : Cyber Tech Publications , 2011
Subjects:

MARC

LEADER 00000cam a2200000 7i4500
001 0000039726
005 20140102.0
008 140102
020 |a 1558747109 
090 0 0 |a 371.203   |b CAN 
100 1 |a Canfield Jack 
245 1 0 |a Chicken soup for the cat & dog lover's soul :   |b celebrating pets as family with stories about cats,dogs and other critters   |c Jack Canfield 
260 |a New Delhi :   |b Cyber Tech Publications ,   |c 2011 
650 0 |a Automation   |x Periodicals 
650 0 |a Periodicals 
999 |a 0001261868   |b Book   |c Adult Collection   |e Perbadanan Perpustakaan Awam Johor